000 00436pab a2200157 454500
008 180718b1983 xxu||||| |||| 00| 0 eng d
100 _aSchmidt, Richard E.
245 _aPolitics and performance
_bWhat does it mean for civil servants?
260 _c1983
300 _a155-60
362 _aMar.-Apr.
650 _aPersonnel, Public - U.S.A.
700 _aMark A. Abramson
773 _aPublic Administration Review
909 _a15038
999 _c15038
_d15038